Color Concentration Game #1 - Statistics

General Stats
  • This quiz has been taken 43 times
  • The average score is 13 of 20
Answer Stats
Answer % Correct
Green
100%
Black
95%
Blue
95%
Pink
95%
Yellow
95%
Yellow
92%
Red
89%
Green
86%
Pink
84%
Pink
76%
Red
70%
Yellow
68%
Blue
54%
Red
46%
Black
35%
Blue
27%
Black
24%
Green
16%
Pink
16%
Red
16%
No matching quizzes found
Score Distribution
Percent of People with Each Score
Percentile by Number Answered
Your Score History
You have not taken this quiz